Estadística elemental / (Record no. 89362)

MARC details
000 -CABECERA
campo de control de longitud fija 00644nam a22002293a 4500
005 - FECHA Y HORA DE LA ÚLTIMA TRANSACCIÓN
campo de control 20240808063719.0
008 - ELEMENTOS DE LONGITUD FIJA--INFORMACIÓN GENERAL
campo de control de longitud fija 010531s19901997mx fr 000 0 spa d
020 ## - NÚMERO INTERNACIONAL NORMALIZADO PARA LIBROS
Número Internacional Estándar del Libro 968243386X
035 ## - NÚMERO DE CONTROL DEL SISTEMA
Número de control de sistema UPN01000116625
049 ## - COLECCIÓN
Colección CG
050 #4 - SIGNATURA TOPOGRÁFICA DE LA BIBLIOTECA DEL CONGRESO
Número de clasificación QA276.12
Número de documento/Ítem J6.48 1990
100 1# - ASIENTO PRINCIPAL--NOMBRE PERSONAL
Nombre de persona Johnson, Robert Rusell,
Fechas asociadas al nombre 1939-
245 10 - MENCIÓN DE TÍTULO
Título Estadística elemental /
Mención de responsabilidad, etc. Robert Johnson ; tr. Ricardo Vinos Cruz L.
250 ## - MENCIÓN DE EDICIÓN
Mención de edición 2a ed.
260 ## - PUBLICACIÓN, DISTRIBUCIÓN, ETC.
Lugar de publicación, distribución, etc. México :
Nombre del editor, distribuidor, etc. Trillas,
Fecha de publicación, distribución, etc. 1990 (reimp. 1997)
300 ## - DESCRIPCIÓN FÍSICA
Extensión 515 p.
534 ## - NOTA SOBRE LA VERSIÓN ORIGINAL
Frase introductoria Traducción de:
Mención de título del original Elementary statistics.
650 #4 - ASIENTO SECUNDARIO DE MATERIA - TERMINO TEMATICO
Término de materia o nombre geográfico como elemento de entrada Estadística
9 (RLIN) 2988
901 ## - ELEMENTOS DE DATOS A LOCAL LDA (RLIN)
a 172452
902 ## - ELEMENTOS DE DATOS B LOCAL, LDB (RLIN)
Creó LG/npd
905 ## - TIPO DE MATERIAL
Tipo de material Libro
Holdings
Estado de retiro Estado de pérdida Fuente del sistema de clasificación o colocación Estado dañado No para préstamo Código de colección Localización permanente Ubicación/localización actual Ubicación en estantería Fecha de adquisición Total de préstamos Clasificación Código de barras Fecha visto por última vez Fecha del último préstamo Número de copia Tipo de ítem Koha En préstamo
    Library of Congress Classification     Colección General Bib. Gregorio Torres Quintero Bib. Gregorio Torres Quintero Planta baja 09/08/2023 10 QA276.12 J6.48 1990 299330 11/08/2023 09/08/2023 1 Libro  
    Library of Congress Classification     Colección General Bib. Gregorio Torres Quintero Bib. Gregorio Torres Quintero Planta baja   81 QA276.12 J6.48 1990 172452 31/12/2020   1 Libro 22/05/2013